| 000 | 00800nam a2200205 a 4500 | ||
|---|---|---|---|
| 001 | 52957 | ||
| 003 | BD-RjUL | ||
| 005 | 20211209075903.0 | ||
| 008 | 161017r1979 bg ||||| |||| 00| 0 eng d | ||
| 035 | _a(BD-RjUL)53077 | ||
| 040 |
_aBD-RjUL _beng _cBD-RjUL |
||
| 041 | _aeng | ||
| 082 |
_223 _a370.111095492 _bFOP 1979 |
||
| 110 | 1 |
_aFoundation for Research on Educational Planning and Development (Bangladesh) _9160026 |
|
| 245 | 1 | 2 |
_aA pilot research project on nonformal education : _ba micro study / _cFoundation for Research on Educational Planning and Development (Bangladesh) |
| 260 |
_aDacca : _bFoundation for Research on Educational Planning and Development, _c1979. |
||
| 300 |
_aiii, 208 p. : _bill. ; _c23 cm |
||
| 650 |
_aFundamental education _z Bangladesh. _9160365 |
||
| 942 |
_2ddc _cBK |
||
| 999 |
_c52957 _d52957 |
||